|
|
|
|
| LEADER |
01388cam a2200373 a 4500 |
| 001 |
c000390505 |
| 003 |
CARM |
| 005 |
20120615121713.0 |
| 008 |
120615s1998 enka b 001 0 eng d |
| 010 |
|
|
|a 2002327901
|
| 019 |
1 |
|
|a 20141140
|z 23495555
|5 LACONCORD2021
|
| 020 |
|
|
|a 1861002459 (pbk.)
|
| 035 |
|
|
|a (OCoLC)40642808
|5 LACONCORD2021
|
| 040 |
|
|
|a QTCS
|b eng
|c QTCS
|
| 050 |
|
4 |
|a QA76.625
|b .A7 1998
|
| 082 |
0 |
4 |
|a 005.276
|2 21
|
| 245 |
0 |
0 |
|a ASP 2.0 programmer's reference /
|c Alex Federov ... [et al.].
|
| 246 |
3 |
3 |
|a Active Serves Pages 2.0 programmer's reference
|
| 260 |
|
|
|a Birmingham, U.K. ;
|a Chicago, Ill. :
|b Wrox Press,
|c c1998.
|
| 300 |
|
|
|a xi, 348 p. :
|b ill. ;
|c 23 cm.
|
| 500 |
|
|
|a Includes index.
|
| 504 |
|
|
|a Includes bibliographical references (p. [313]-314) and index.
|
| 630 |
0 |
0 |
|a Active server pages
|
| 650 |
|
0 |
|a Web servers.
|
| 650 |
|
0 |
|a Web sites.
|
| 650 |
|
0 |
|a ASP (Computer network protocol)
|
| 650 |
|
0 |
|a Internet programming.
|
| 700 |
1 |
|
|a Fedorov, Alex.
|
| 730 |
0 |
|
|a Active Serves Pages 2.0 programmer's reference.
|
| 852 |
8 |
|
|b CARM
|p 0581183
|f BK
|
| 852 |
8 |
|
|b SCAN
|h A3:AF32B0
|i B12067
|p 0581183
|f BK
|
| 999 |
f |
f |
|i 9a929b15-c95f-572e-ad89-d34385b1a64f
|s 3f7fb509-1b0c-506b-b653-fa974c783c0a
|
| 952 |
f |
f |
|p Can circulate
|a CAVAL
|b CAVAL
|c CAVAL
|d CARM 1 Store
|i book
|m 0581183
|
| 952 |
f |
f |
|a CAVAL
|b CAVAL
|c CAVAL
|d Unmapped Location
|e B12067
|f A3:AF32B0
|h Other scheme
|